| 000 | 00825nam a2200229 i 4500 | ||
|---|---|---|---|
| 001 | 175281 | ||
| 003 | ES-MaACL | ||
| 005 | 20250806062545.0 | ||
| 007 | t| | ||
| 008 | 101019s1972 sp ||||1| spa d | ||
| 080 | _a355(460) | ||
| 100 | 1 |
_aEspadas Burgos, Manuel. _947744 |
|
| 245 | 1 | 3 |
_aLa Milicia Nacional / _cpor Manuel Espadas Burgos. |
| 260 |
_aMadrid : _bAyuntamiento de Madrid, Delegación de Educación : _bInstituto de Estudios Madrileños, _c1972. |
||
| 300 |
_a35 p. ; _c22 cm. |
||
| 490 | 1 |
_aCiclo de conferencias sobre instituciones madrileñas ; _v4 |
|
| 650 | 4 |
_aMilicias- _zEspaña. _9143671 |
|
| 710 | 2 |
_aInstituto de Estudios Madrileños _94916 |
|
| 830 | 0 |
_aCiclo de conferencias sobre instituciones madrileñas ; _v4 _9189619 |
|
| 852 |
_aES-MaACL _j2259-F-4 _xOlim P-54 |
||
| 999 |
_c175281 _d175281 |
||